000 00393nam a22001577a 4500
005 20251108170644.0
008 250721s1969 xx 000 0 eng d
082 1 4 _af/g
100 1 _agibran, khalil gibran
245 1 4 _athe madman :
_bhis parables & poems /
264 1 _alondon :
_bheinemann,
_c1969.
300 _a73p.
650 1 7 _aenglish fiction
942 _2ddc
_cBK
999 _c45843
_d45843